00375nam a2200145Ia 4500008004100000020001800041041000800059082001800067100002500085245002600110250000600136260004400142300001800186650002500204210716s2011 xx 000 0 und d a9780199597062 aeng a174.9658 MALC aMallin, Christine A. aCorporate governance. a4 aNew YorkbOxford University Pressc2011 axxii,384/2013 aCorporate Governance